000 00605cam a22002051 4500
001 tmp96010196
003 DLC
005 20260227112754.0
008 810403s1924 fr 000 1 fre
010 _atmp96010196
040 _aDLC
_cCarP
_dDLC
050 0 0 _aPQ2611.A24
_bA8 1924c
100 1 _aFabre-Luce, Alfred,
_d1899-1983.
245 1 0 _aAttirance de la mort ...
260 _aParis,
_bB. Grasset,
_c1924.
300 _a3 p. l., [3]-329 p., 1 l. ;
_c19 cm.
440 0 _aCollection "Le roman"
500 _aOn cover: "4e Edition."
500 _aAuthor's pseud., Jacques Sindral, at head of title.
999 _c91140
_d91140